Jagd und Kanufahrten in Kanada (Record no. 5925)

MARC details
000 -CABECERA
campo de control de longitud fija 00528nam a2200205 a 4500
001 - NÚMERO DE CONTROL
campo de control BRCA_6238
005 - FECHA Y HORA DE LA ÚLTIMA TRANSACCIÓN
campo de control 20190320205400.0
008 - DATOS DE LONGITUD FIJA--INFORMACIÓN GENERAL
campo de control de longitud fija 200711s1922----gw-ao#####---#000-0#ger-#
041 ## - CÓDIGO DE LENGUA
Código de lengua del texto/banda sonora o título independiente ger
044 ## - CÓDIGO DEL PAÍS DE LA ENTIDAD EDITORA/PRODUCTORA
Código MARC del país gw
050 #4 - SIGNATURA TOPOGRÁFICA DE LA BIBLIOTECA DEL CONGRESO
Número de clasificación SK151
Número de documento/Ítem .M83 1922
100 1# - ENTRADA PRINCIPAL--NOMBRE DE PERSONA
Nombre de persona Müller-Grote, Karl
9 (RLIN) 15672
245 10 - MENCIÓN DE TÍTULO
Título Jagd und Kanufahrten in Kanada
Mención de responsabilidad, etc. von Karl Müller-Grote.
260 ## - PUBLICACIÓN, DISTRIBUCIÓN, ETC.
Lugar de publicación, distribución, etc. Bremen
Nombre del editor, distribuidor, etc. Angelsachsen
Fecha de publicación, distribución, etc. 1922
300 ## - DESCRIPCIÓN FÍSICA
Extensión 125 p.
Otras características físicas il., fotografías
Dimensiones 22 cm.
500 ## - NOTA GENERAL
Nota general K97
650 14 - PUNTO DE ACCESO ADICIONAL DE MATERIA--TÉRMINO DE MATERIA
Término de materia o nombre geográfico como elemento de entrada Caza
9 (RLIN) 15673
902 ## - CATALOGADOR
Iniciales GFM
942 ## - ELEMENTOS DE PUNTO DE ACCESO ADICIONAL (KOHA)
Fuente del sistema de clasificación o colocación Library of Congress Classification
Tipo de ítem Koha Libros
Holdings
Estado de retiro Estado de pérdida Estado dañado No para préstamo Localización permanente Ubicación/localización actual Fecha de adquisición Número de inventario Total de préstamos Signatura topográfica completa Código de barras Fecha visto por última vez Precio válido a partir de Tipo de ítem Koha
El ejemplar forma parte de la colección y puede ser consultado según las políticas vigentes.       Biblioteca del Museo Franz Mayer (Rogerio Casas-Alatriste) Biblioteca del Museo Franz Mayer (Rogerio Casas-Alatriste) 20/07/2011 K97   SK151 .M83 1922 (K97) 6677 22/03/2019 22/03/2019 Libros